|
|
|
|
| LEADER |
00000nam a2200000 i 4500 |
| 001 |
DIGUAZUAY0022 |
| 003 |
NyNyDIG |
| 007 |
cr ||||||||||| |
| 008 |
240219s2020 ec a ob 000 0 spa d |
| 006 |
m o d |
| 035 |
|
|
|a (OCoLC)1423251711
|
| 040 |
|
|
|a DGITA
|b eng
|e rda
|e pn
|c DGITA
|
| 020 |
|
|
|a 9789978325759
|q eBook
|
| 020 |
|
|
|z 9789978325742
|
| 043 |
|
|
|a s-ec---
|
| 050 |
1 |
4 |
|a LB2331.74.E2 ebook
|
| 100 |
1 |
|
|a Laso Bayas, Ramiro,
|e author.
|
| 245 |
1 |
3 |
|a La evaluación docente en la Universidad del Azuay :
|b proceso histórico y la nueva propuesta de evaluación académica integral /
|c Ramiro Laso Bayas [and 3 others].
|
| 264 |
|
1 |
|a Cuenca, Ecuador :
|b Universidad del Azuay Casa Editora,
|c [2020]
|
| 300 |
|
|
|a 1 online resource :
|b illustrations.
|
| 336 |
|
|
|a text
|b txt
|2 rdacontent
|
| 337 |
|
|
|a computer
|b c
|2 rdamedia
|
| 338 |
|
|
|a online resource
|b cr
|2 rdacarrier
|
| 347 |
|
|
|a text file
|2 rdaft
|
| 347 |
|
|
|b PDF
|
| 504 |
|
|
|a Includes bibliographical references.
|
| 588 |
0 |
|
|a Online resource; title from PDF title page (Digitalia, viewed February 19, 2024)
|
| 610 |
2 |
0 |
|a Universidad del Azuay.
|
| 650 |
|
0 |
|a College teachers
|z Ecuador
|x Evaluation.
|
| 791 |
2 |
|
|a Digitalia (Firm),
|e distributor.
|
| 793 |
0 |
|
|g Digitalia eBook Collection:
|a Universidad del Azuay
|
| 776 |
0 |
8 |
|i Print version:
|a Laso Bayas, Ramiro.
|t Evaluación docente en la Universidad del Azuay.
|b Primera reimpresión.
|d Cuenca, Ecuador : Universidad del Azuay Casa Editora, [2020]
|z 9789978325742
|
| 856 |
4 |
0 |
|3 Digitalia Hispánica
|u https://www.digitaliapublishing.com/a/133405/
|
| 910 |
|
|
|a Premium collection: 2024
|